000 00677nam a22002657a 4500
001 BR9301259
003 BR-BrBNA
005 20230928093847.0
007 ta
008 230509b bl.||||| |||| 00| 0 por d
040 _aBR-BrBNA
_bpor
_cBiblioteca Nacional de Agricultura
041 _a(Por)
072 _aF01
_b2603
090 _ 2603 BR9301259
100 1 _aSouza, J.F. de
245 1 _aCultura do urucuzeiro - do plantio a colheita
260 3 _aSaquarema, RJ (Brasil):
_c1987.
300 _a16 p.
500 _a5 ref.; 6 illus.
650 _aUrucum
650 _aPratica Cultural
650 _aPratico
909 _a202309
_bLucia
_c55
_dLucia Elande
942 _cBK
999 _c47554
_d47554